书目信息 |
| 题名: |
平面解析几何
|
|
| 作者: | ;数理化自学丛书编委会数学编写小组 编 | |
| 分册: | ||
| 出版信息: | 上海 上海人民出版社 1965 |
|
| 页数: | 501页 | |
| 开本: | 19cm | |
| 丛书名: | 数学化自学丛书 | |
| 单 册: | ||
| 中图分类: | O182.1 | |
| 科图分类: | ||
| 主题词: | 平面几何:解析几何 , 解析几何:平面几何 | |
| 电子资源: | ||
| ISBN: | ||
| 000 | 00875nam2 2200265 45 | |
| 001 | 0177000989 | |
| 005 | 20070801133855.32 | |
| 010 | @dCNY1.05 | |
| 091 | @a13171.223 | |
| 100 | @a19951009d1965 em y0chiy0121 ea | |
| 101 | 0 | @achi |
| 102 | @aCN@b310000 | |
| 105 | @ay z 000yy | |
| 200 | 10 | @a平面解析几何@Aping mian jie xi ji he@f数理化自学丛书编委会数学编写小组编@Fshu li hua zi xue cong shu bian wei hui shu xue bian xie xiao zu bian |
| 210 | @a上海@c上海人民出版社@d1965 | |
| 215 | @a501页@d19cm | |
| 225 | 2 | @a数学化自学丛书 |
| 410 | 0 | @120010@a数学化自学丛书 |
| 606 | @a平面几何:解析几何 | |
| 606 | @a解析几何:平面几何 | |
| 690 | @aO182.1@v3 | |
| 711 | 0 | @a数理化自学丛书编委会数学编写小组@Ashu li hua zi xue cong shu bian wei hui shu xue bian xie xiao zu@4编 |
| 801 | 2 | @aCN@bNLC@c20070801 |
| 801 | 0 | @aCN@bTSSF@c20070719 |
| 905 | @a10447@dO182.1@e46 | |
| 平面解析几何/数理化自学丛书编委会数学编写小组编.-上海:上海人民出版社,1965 |
| 501页;19cm.-(数学化自学丛书) |
| ISBN :CNY1.05 |
| ● |
| 相关链接 |
|
|
|
|
正题名:平面解析几何
索取号:O182.1/46
 
预约/预借
| 序号 | 登录号 | 条形码 | 馆藏地/架位号 | 状态 | 备注 |
| 1 | 0006241 | 202331495 | 密集书库/ [索取号:O182.1/46] | 在馆 | |
| 2 | 0431198 | 204311985 | 密集书库/ [索取号:O182.1/46] | 在馆 | |
| 3 | 0431199 | 204311994 | 密集书库/ [索取号:O182.1/46] | 在馆 | |
| 4 | 0431200 | 204312001 | 密集书库/ [索取号:O182.1/46] | 在馆 | |
| 5 | 0431201 | 204312010 | 密集书库/ [索取号:O182.1/46] | 在馆 | |
| 6 | 0767475 | 207674756 | 密集书库/ [索取号:O182.1/46] | 在馆 | |
| 7 | 0790666 | 207906667 | 密集书库/ [索取号:O182.1/46] | 在馆 | |
| 8 | 0790682 | 207906827 | 密集书库/ [索取号:O182.1/46] | 在馆 | |
| 9 | 0790917 | 207909174 | 密集书库/ [索取号:O182.1/46] | 在馆 | |
| 10 | 0790919 | 207909192 | 密集书库/ [索取号:O182.1/46] | 在馆 | |
| 11 | 0790948 | 207909487 | 密集书库/ [索取号:O182.1/46] | 在馆 |